An introduction to comparative police systems/ (Record no. 5595)
[ view plain ]
| 000 -LEADER | |
|---|---|
| fixed length control field | 00656nam a22002057a 4500 |
| 003 - CONTROL NUMBER IDENTIFIER | |
| control field | OSt |
| 005 - DATE AND TIME OF LATEST TRANSACTION | |
| control field | 20161112133621.0 |
| 008 - FIXED-LENGTH DATA ELEMENTS--GENERAL INFORMATION | |
| fixed length control field | 161112b xxu||||| |||| 00| 0 eng d |
| 040 ## - CATALOGING SOURCE | |
| Transcribing agency | LIC |
| 082 ## - DEWEY DECIMAL CLASSIFICATION NUMBER | |
| Edition number | 2013 |
| Classification number | DFil 363.209599 |
| Item number | L88i |
| 100 ## - MAIN ENTRY--PERSONAL NAME | |
| 9 (RLIN) | 17208 |
| Personal name | Lorenzo, Harry C. |
| 245 ## - TITLE STATEMENT | |
| Title | An introduction to comparative police systems/ |
| Statement of responsibility, etc. | Harry C. Lorenzo and Stephen P. Cutler. |
| 260 ## - PUBLICATION, DISTRIBUTION, ETC. (IMPRINT) | |
| Place of publication, distribution, etc. | Cabanatuan City: |
| Name of publisher, distributor, etc. | Tri-Psyc Enterprise, |
| Date of publication, distribution, etc. | c2013. |
| 300 ## - PHYSICAL DESCRIPTION | |
| Extent | vii, 139 pages; |
| Other physical details | 22 cm. |
| 365 ## - TRADE PRICE | |
| Price amount | 982.80 |
| Currency code | Php |
| 500 ## - GENERAL NOTE | |
| General note | Includes bibliographical references. |
| 650 #0 - SUBJECT ADDED ENTRY--TOPICAL TERM | |
| 9 (RLIN) | 17210 |
| Topical term or geographic name as entry element | Police |
| Geographic subdivision | Philippines |
| 700 ## - ADDED ENTRY--PERSONAL NAME | |
| 9 (RLIN) | 17211 |
| Personal name | Cutler, Stephen P. |
| 942 ## - ADDED ENTRY ELEMENTS (KOHA) | |
| Source of classification or shelving scheme | Dewey Decimal Classification |
| Koha item type | Filipiniana |
| Withdrawn status | Lost status | Source of classification or shelving scheme | Damaged status | Not for loan | Collection code | Home library | Current library | Shelving location | Date acquired | Source of acquisition | Total Checkouts | Full call number | Barcode | Date last seen | Cost, replacement price | Price effective from | Koha item type |
|---|---|---|---|---|---|---|---|---|---|---|---|---|---|---|---|---|---|
| Dewey Decimal Classification | Filipiniana | UM Digos College - LIC | UM Digos College - LIC | Book Cart | 10/27/2016 | Purchased | DFil 363.209599 L88i 2013 | 24515 | 05/15/2025 | 980.80 | 11/12/2016 | Filipiniana |
